| 000 | 00452nam a2200181Ia 4500 | ||
|---|---|---|---|
| 008 | 221030s9999 xx 000 0 und d | ||
| 020 | _a8180543838 | ||
| 041 | _aEnglish | ||
| 082 | _a105.23 | ||
| 100 | _aR. L. Varshney | ||
| 245 | 0 | _aManagerial Economics - Text, Problems & Cases | |
| 250 | _a19th | ||
| 260 |
_bSultan Chand & Sons _aNew Delhi _c2008 |
||
| 300 | _a684/A-169 | ||
| 650 | _aManagement | ||
| 700 | _aK. L. Maheshwari | ||
| 942 | _cBK | ||
| 999 |
_c3439 _d3439 |
||